| 000 | 00800nam a22002297a 4500 | ||
|---|---|---|---|
| 003 | BUBTL | ||
| 008 | 200114b xxu||||| |||| 00| 0 eng d | ||
| 020 | _a9780199461851 | ||
| 082 | _a537/ Sa154p/ 2015 | ||
| 100 |
_aSadiku, Matthew N.O. _92913 |
||
| 245 |
_aPrinciples of Electromagnetics / _bMatthew N.O. Sadiku, S. V. Kulkarni |
||
| 250 | _a6th Edn. | ||
| 260 |
_aNew Delhi: _bOxford University Press, _cc2015 |
||
| 300 |
_axviii , 883p.: _bill.; _c24 cm. |
||
| 500 | _aIncludes Index | ||
| 505 | _aPrinciples of Electromagnetics, Electromagnetics, Matthew N.O. Sadiku, S. V. Kulkarni | ||
| 650 | 0 |
_aElectrical and Electronic Engineering _94295 |
|
| 700 |
_aKulkarni, S.V. _94441 |
||
| 856 |
_k0 _l0 _yDownload |
||
| 942 |
_2ddc _cBK |
||
| 999 |
_c6233 _d6233 |
||